000 01114nam a22002537a 4500
001 BD-DhSAU 9297
003 BD-DhSAU
005 20181209145058.0
008 150612b16 bg a||||r|||| 000 0 eng d
040 _aBD-DhSAU
082 _222
_a630.715
_bK5279
100 _a Khatun , Mt. Kohinur.
_eRegistration No. # 15-07002
245 _aInnovativeness of Betel leaf growers to use improved practices /
_bMS thesis
_c Khatun , Mt. Kohinur.
260 _aSher-e- Bangla Agricultural University :
_bDepartment of Agricultural Extension and Information System,
_c2016
300 _aviii, 51 p. :
_bill. ,
_c30 cm.
500 _aMS thesis of Department of Agricultural Extension and Information System, Faculty of Agriculture, Sher-e-Bangla Agricultural University, Dhaka, Bangladesh
590 _aShofi
650 _aAgricultural Extension and Information System
650 _a Betel leaf
700 _aAlam , Md. Mahbubul
_eSupervisor
700 _a Ali , Md. Sekender
_eCo-Supervisor
856 _uhttp://archive.saulibrary.edu.bd:8080/xmlui/handle/123456789/779
_yOnline Access
942 _2ddc
_cTHESIS
999 _c14197
_d14196